Hodnocení vlivu zastoupení rodiny ve vlastnické a řídící struktuře firem na jejich finanční výkonnost pomocí metody zkoumání shody párů
Definícia rodinnej firmy. Ciele rodinných firiem. Rozdiel vo výkonnosti rodinných a nerodinných firiem.
Saved in:
| Main Author: | |
|---|---|
| Other Authors: | |
| Format: | Book Chapter |
| Language: | Czech |
| Subjects: | |
| Tags: |
No Tags, Be the first to tag this record!
|
MARC
| LEADER | 00000naa a2200000 4500 | ||
|---|---|---|---|
| 001 | 0205452 | ||
| 005 | 20231207125928.0 | ||
| 041 | 0 | |a cze | |
| 044 | |a CZ | ||
| 245 | 1 | 0 | |a Hodnocení vlivu zastoupení rodiny ve vlastnické a řídící struktuře firem na jejich finanční výkonnost pomocí metody zkoumání shody párů |c Ondřej Machek, Jiří Hnilica |
| 520 | |a Definícia rodinnej firmy. Ciele rodinných firiem. Rozdiel vo výkonnosti rodinných a nerodinných firiem. | ||
| 610 | 2 | 0 | |a podnikanie rodinné |
| 610 | 2 | 0 | |a podnik rodinný |
| 610 | 2 | 0 | |a Česko |
| 610 | 2 | 0 | |a výkony pracovné |
| 610 | 2 | 0 | |a výkonnosť |
| 100 | 1 | |a Machek, Ondřej | |
| 700 | 1 | |a Hnilica, Jiří | |